000 01249nam a22002297a 4500
999 _c63194
_d63194
003 Ge_BSU
005 20250624170156.0
008 250624s2023 ge ||||| |||| 00| 0 geo d
041 _ageo
080 _a51(075.8) მ-15
245 _aმათემატიკა : 1 კლასი :
_bმასწავლებლის წიგნი /
_cგურამ გოგიშვილი, თეიმურაზ ვეფხვაძე, ია მებონია, ლამარა ქურჩიშვილი; რედაქტორი
250 _aპირველი გამოცემა
264 _aთბილისი :
_bინტელექტი,
_c2023.
300 _a202 გვ.;
_b30 სმ.
504 _aბიბლიოგრ. გვ. 200-201
653 _a მათემატიკა
700 _a გოგიშვილი, გურამ
_eავტორი
_925495
700 _aვეფხვაძე, თეიმურაზ
_eავტორი, რედაქტორი
_925496
700 _aმებონია, ია
_eავტორი
_925498
700 _aქურჩიშვილი, ლამარა
_eავტორი
_925500
942 _2udc
_cᲬᲘᲒᲜᲘ